| 000 | 00456nam a2200193Ia 4500 | ||
|---|---|---|---|
| 008 | 210210b2015 xxu||||| |||| 00| 0 eng d | ||
| 020 | _a9789327252019 | ||
| 041 | _aeng | ||
| 082 | _a658.8 LEKR | ||
| 100 | _aLEKHI (R K) | ||
| 245 | _aRural marketing | ||
| 260 |
_aNew Delhi _bKalyani Publishers _c2015 |
||
| 300 | _a349 | ||
| 650 | _aRural | ||
| 650 | _amarketing | ||
| 690 | _aMarketing Management | ||
| 700 | _aMAINI (Kusum) | ||
| 906 | _a072575 | ||
| 999 |
_c122416 _d122416 |
||